000 00501nam a2200181Ia 4500
008 090124s9999 xx 000 0 und d
082 _b119065
100 _aपानवलकर श्री. दा.
245 _a जांभूळ
250 _a1
260 _c1981
300 _a210
600 _aपानवलकर श्री. दा.
630 _a जांभूळ
700 _aपानवलकर श्री. दा.
730 _a जांभूळ
942 _cBOOK
999 _c165151
_d165151